<?xml version="1.0" encoding="UTF-8"?>
<record
    xmlns:xsi="http://www.w3.org/2001/XMLSchema-instance"
    xsi:schemaLocation="http://www.loc.gov/MARC21/slim http://www.loc.gov/standards/marcxml/schema/MARC21slim.xsd"
    xmlns="http://www.loc.gov/MARC21/slim">

  <leader>02087nam a22003137a 4500</leader>
  <controlfield tag="005">20160608122644.0</controlfield>
  <controlfield tag="008">140605b2014    ec ||||| |||| 00| 0 spa d</controlfield>
  <datafield tag="020" ind1=" " ind2=" ">
    <subfield code="a">9789978993231</subfield>
  </datafield>
  <datafield tag="040" ind1=" " ind2=" ">
    <subfield code="a">CO-BoIAVH</subfield>
    <subfield code="c">CO-BoIAVH</subfield>
  </datafield>
  <datafield tag="041" ind1=" " ind2=" ">
    <subfield code="a">spa</subfield>
  </datafield>
  <datafield tag="082" ind1=" " ind2=" ">
    <subfield code="a">333.95</subfield>
    <subfield code="b">U33s</subfield>
  </datafield>
  <datafield tag="110" ind1="1" ind2=" ">
    <subfield code="9">24330</subfield>
    <subfield code="a">Uni&#xF3;n Internacional para la Conservaci&#xF3;n de la Naturaleza y los Recursos Naturales</subfield>
  </datafield>
  <datafield tag="245" ind1="1" ind2="0">
    <subfield code="a">Seis estudios de caso en Am&#xE9;rica Latina y el Caribe</subfield>
    <subfield code="b">Acceso a recursos gen&#xE9;ticos y distribuci&#xF3;n de beneficios /</subfield>
    <subfield code="c">editado por Montserrat Rios y Arturo Mora</subfield>
  </datafield>
  <datafield tag="260" ind1=" " ind2=" ">
    <subfield code="a">Quito</subfield>
    <subfield code="b">Uni&#xF3;n Internacional para la Conservaci&#xF3;n de la Naturaleza UICN</subfield>
    <subfield code="c">2013</subfield>
  </datafield>
  <datafield tag="300" ind1=" " ind2=" ">
    <subfield code="a">120 p.</subfield>
    <subfield code="b">il.  (col), mapas</subfield>
    <subfield code="c">25 cm.</subfield>
  </datafield>
  <datafield tag="505" ind1=" " ind2=" ">
    <subfield code="a">Estudio de caso en Colombia: investigaci&#xF3;n sobre un microorganismo del g&#xE9;nero Lactococcus sp., Instituto de Biotecnolog&#xED;a, Universidad Nacional de Colombia (p&#xE1;g  15)</subfield>
  </datafield>
  <datafield tag="505" ind1=" " ind2=" ">
    <subfield code="a">Estudio de caso en Costa Rica:  Acceso a recursos gen&#xE9;ticos, distribuci&#xF3;n justa de beneficios y an&#xE1;lisis legal del convenio entre el Instituto Nacional de Biodiversidad de Costa Rica, Universidad Harvard y Universidad de Michigan (p&#xE1;g. 25)</subfield>
  </datafield>
  <datafield tag="505" ind1=" " ind2=" ">
    <subfield code="a">Estudio de caso en Cuba:  El veneno del "alacr&#xE1;n colorado" y otros productos derivados de la diversidad vegetal (p&#xE1;g. 65)</subfield>
  </datafield>
  <datafield tag="505" ind1=" " ind2=" ">
    <subfield code="a">Estudio de caso en Ecuador:  "Espedici&#xF3;n de muestro oce&#xE1;nica global", Parque nacional Gal&#xE1;pagos;  actividades de colecci&#xF3;n y aplicaci&#xF3;n de legislaci&#xF3;n (p&#xE1;g. 77)</subfield>
  </datafield>
  <datafield tag="505" ind1=" " ind2=" ">
    <subfield code="a">Estudio de caso en Panam&#xE1;: "International cooperative biodiversity group" (p&#xE1;g. 89)</subfield>
  </datafield>
  <datafield tag="505" ind1=" " ind2=" ">
    <subfield code="a">Estudio de caso en Per&#xFA;: Registro de conocimientos colectivos asociados a la biodiversidad (p&#xE1;g. 105)</subfield>
  </datafield>
  <datafield tag="505" ind1=" " ind2=" ">
    <subfield code="a">ABS en Am&#xE9;rica Latina y el Caribe:retos para los mecanismos de implementaci&#xF3;n (p&#xE1;g 117)</subfield>
  </datafield>
  <datafield tag="650" ind1=" " ind2=" ">
    <subfield code="a">Recursos gen&#xE9;ticos</subfield>
    <subfield code="v">estudio de caso</subfield>
    <subfield code="9">31766</subfield>
  </datafield>
  <datafield tag="650" ind1=" " ind2=" ">
    <subfield code="a">Pol&#xED;ticas Nacionales</subfield>
    <subfield code="9">24333</subfield>
  </datafield>
  <datafield tag="651" ind1=" " ind2=" ">
    <subfield code="a">Am&#xE9;rica Latina y el Caribe</subfield>
    <subfield code="v">estudio de caso</subfield>
    <subfield code="x">recursos gen&#xE9;ticos</subfield>
    <subfield code="9">31767</subfield>
  </datafield>
  <datafield tag="700" ind1="1" ind2=" ">
    <subfield code="a">Rios, Motserrat</subfield>
    <subfield code="e">ed.</subfield>
    <subfield code="9">24346</subfield>
  </datafield>
  <datafield tag="700" ind1="1" ind2=" ">
    <subfield code="a">Mora, Arturo</subfield>
    <subfield code="e">ed.</subfield>
    <subfield code="9">24341</subfield>
  </datafield>
  <datafield tag="942" ind1=" " ind2=" ">
    <subfield code="2">ddc</subfield>
    <subfield code="c">Impreso</subfield>
    <subfield code="0">1</subfield>
  </datafield>
  <datafield tag="999" ind1=" " ind2=" ">
    <subfield code="c">8469</subfield>
    <subfield code="d">8469</subfield>
  </datafield>
  <datafield tag="952" ind1=" " ind2=" ">
    <subfield code="0">0</subfield>
    <subfield code="1">0</subfield>
    <subfield code="2">ddc</subfield>
    <subfield code="4">0</subfield>
    <subfield code="7">0</subfield>
    <subfield code="8">GENERAL</subfield>
    <subfield code="I">INV2017</subfield>
    <subfield code="a">Bogota</subfield>
    <subfield code="b">Bogota</subfield>
    <subfield code="d">2014-06-05</subfield>
    <subfield code="e">Instituto</subfield>
    <subfield code="g">39000.00</subfield>
    <subfield code="l">1</subfield>
    <subfield code="o">LB-333.95 U33s</subfield>
    <subfield code="p">038075</subfield>
    <subfield code="r">2014-10-23 00:00:00</subfield>
    <subfield code="s">2014-10-23</subfield>
    <subfield code="t">Ej. 1</subfield>
    <subfield code="w">2014-06-05</subfield>
    <subfield code="x">Donaci&#xF3;n</subfield>
    <subfield code="y">LIBRO</subfield>
  </datafield>
</record>
